| 000 | 01181nam a2200205Ia 4500 | ||
|---|---|---|---|
| 003 | Ost | ||
| 005 | 20260507075112.0 | ||
| 008 | 260507s9999||||xx |||||||||||||| ||und|| | ||
| 040 | _cfsecg | ||
| 041 | _aara | ||
| 082 | _a600 | ||
| 100 |
_aالعبد، جلال إبراهيم _eمؤلف |
||
| 245 | 0 |
_aإدارة الإنتاج والعمليات : _bمدخل كمي / _c جلال إبراهيم العبد |
|
| 260 |
_aالاسكندرية: _bالدار الجامعية, _c2002 |
||
| 300 |
_a332 صفحة؛ _bإيضاحات ؛ _c24 سم |
||
| 504 | _aالملاحق:ص.323-326؛ببليوغرافيا:ص.191:ص.327-332 | ||
| 520 | _aأنظمة الإنتاج،الإنتاج والإنتاجية،التنبؤ بالطلب،أساليب جدولة الإنتاج في الأجل القصير،التخطيط الإجمالي،البرمجة الخطية:تكوين وصياغة المشكلة،البرمجة الخطية:الحل البياني،الحل الرياضي،مشكلة الثنائية،تخطيط ومتابعة المشروعات،نماذج المحاكاة،نظرية صفوف الانتظار | ||
| 653 | _aإدارة الانتاج | ||
| 942 | _cكتاب | ||
| 999 |
_c42933 _d42933 |
||